HOW TO SELECT STOCKS USING TECHNICAL ANA (Record no. 24374)

MARC details
000 -LEADER
fixed length control field 00376nam a2200133Ia 4500
008 - FIXED-LENGTH DATA ELEMENTS--GENERAL INFORMATION
fixed length control field 240624s9999 xx 000 0 und d
041 ## - LANGUAGE CODE
Language code of text/sound track or separate title eng
082 ## - DEWEY DECIMAL CLASSIFICATION NUMBER
Classification number 332.6 PRI
100 ## - MAIN ENTRY--PERSONAL NAME
Personal name PRING MARTIN J
245 ## - TITLE STATEMENT
Title HOW TO SELECT STOCKS USING TECHNICAL ANA
260 ## - PUBLICATION, DISTRIBUTION, ETC.
Date of publication, distribution, etc. 2008
Place of publication, distribution, etc. Mumbai
Name of publisher, distributor, etc. Shroff Publishers & Distributors Pvt.Ltd.
300 ## - PHYSICAL DESCRIPTION
Extent xii, : 162 : p. : cm. ; 24
365 ## - TRADE PRICE
Currency code RS
Holdings
Withdrawn status Lost status Damaged status Not for loan Home library Current library Shelving location Date acquired Cost, normal purchase price Full call number Barcode Date last seen Copy number Price effective from Koha item type
        IMTN IMTN Rack 10-A 07/16/2015 580.00 332.6 PRI 24374 06/24/2024 1 06/24/2024 Books
Designed & Maintained by: LRC IMT Nagpur Contact: lrc@imtnag.ac.in© 2024. All Rights Reserved.